Τα Οικονομικά της Υγείας / Βασικές Έννοιες, Αρχές και Μέθοδοι (Record no. 6240)
[ view plain ]
| 000 -LEADER | |
|---|---|
| fixed length control field | 01929cam a22001934a 4500 |
| 005 - ΗΜΕΡΟΜΗΝΙΑ ΚΑΙ ΩΡΑ ΤΕΛΕΥΤΑΙΑΣ ΕΝΗΜΕΡΩΣΗΣ | |
| Πεδίο ελέγχου | 20250605164237.0 |
| 008 - FIXED-LENGTH DATA ELEMENTS--GENERAL INFORMATION | |
| Πεδίο ελέγχου σταθερού μήκους | 250528s ||||||||||||||||||||||||d |
| 035 ## - SYSTEM CONTROL NUMBER | |
| System control number | 21172 |
| 020 ## - ISBN | |
| ISBN | 9789600221121 |
| 040 ## - ΠΗΓΗ ΚΑΤΑΛΟΓΟΓΡΑΦΗΣΗΣ | |
| Φορέας πρωτότυπης καταλογογράφησης | MC Athens Campus Library |
| Γλώσσα καταλογογράφησης | Ελληνικά, Μοντέρνα (1453-) |
| Modifying agency | MC Athens Campus Library |
| Κανόνες περιγραφικής καταλογογράφησης | AACR2 |
| 245 1# - ΤΙΤΛΟΣ ΚΑΙ ΔΗΛΩΣΗ ΥΠΕΥΘΥΝΟΤΗΤΑΣ | |
| Τίτλος | Τα Οικονομικά της Υγείας / Βασικές Έννοιες, Αρχές και Μέθοδοι |
| 260 ## - PUBLICATION, DISTRIBUTION, ETC. | |
| Name of publisher, distributor, etc. | Παπαζήση, |
| Date of publication, distribution, etc. | 2007 |
| 300 ## - PHYSICAL DESCRIPTION | |
| Extent | 184 |
| 520 ## - SUMMARY, ETC. | |
| Summary, etc. | Τα οικονομικά της υγείας είναι ένας σχετικά πρόσφατος κλάδος της οικονομικής επιστήμης ο οποιός ασχολείται με τη μελέτη των μηχανισμών παραγωγής, διανομής και κατανάλωσης αγαθών και υπηρεσιών υγείας και την αναζήτηση της άριστης κατανομής των σπάνιων πόρων για την ικανοποίηση των αναγκών υγείας, προς όφελος του κοινωνικού συνόλου. Πρόλογος, Εισαγωγή, Το Αντικείμενο και η Σημασία των Οικονομικών της Υγείας, Ιστορική Ανασκόπηση, Το Βασικό Οικονομικό Ζήτημα και η Παραγωγική και Κατανεμητική Αποδοτικότητα στον Υγειονομικό Τομέα, Η Οικονομική Ανάλυση και η Οικονομία της Υγείας, Η Διαφορετικότητα της Υγείας και της Ιατρικής Περίθαλψης, Η Κρατική Παρέμβαση στον Υγειονομικό Τομέα, Η Μεθοδολογία των Οικονομικών της Υγείας, Βιβλιογραφία. |
| 700 1# - ΠΡΟΣΘΕΤΗ ΑΝΑΓΡΑΦΗ--ΦΥΣΙΚΟ ΠΡΟΣΩΠΟ | |
| Personal name | Κυριόπουλος Γιάννης |
| 9 (RLIN) | 7200 |
| 942 ## - ADDED ENTRY ELEMENTS (KOHA) | |
| Koha item type | Books |
| Τύπος τεκμηρίου | Βιβλιοθήκη | Τρέχουσα τοποθεσία | Barcode | Αριθμός εισαγωγής | Ημερομηνία απόκτησης | Ταξιθετικό σύμβολο | Αριθμός αντιτύπου | Κατάσταση απόσυρσης | Κατάσταση χαμένου | Κατάσταση κατεστραμμένου | Μη δανεισμός | Σύνολο δανεισμών | Ημερομηνία τελευταίας εμφάνισης | Η τιμή ισχύει από |
|---|---|---|---|---|---|---|---|---|---|---|---|---|---|---|
| Books | MC Athens Campus Library | MC Athens Campus Library | 9780000062390 | 3073 | 05/06/2025 | 338.473621 KIR | 1 | 05/06/2025 | 05/06/2025 |